000 00547cam a2200169 i 4500
005 20251108164707.0
008 250721s1983 jo gr 000 0 ara d
082 1 4 _a747
_bي و ن
100 1 _aخنفر، يونس يوسف
_eمعد.
245 1 0 _aتكنولوجيا أعمال الديكور /
_cإعداد يونس يوسف خنفر.
250 _aالطبعة الأولى.
264 1 _aعمان :
_bدار الأرقم،
_c1983.
300 _a162 صفحة.
650 1 7 _aالديكور.
942 _2ddc
_cBK
999 _c11999
_d11999